| 000 | 01125nac a22003131i 4500 | ||
|---|---|---|---|
| 003 | EG-ScBUE | ||
| 005 | 20241109093055.0 | ||
| 008 | 241109t1994 njua f 001 0 eng d | ||
| 020 | _a0137214081 | ||
| 040 |
_aEG-ScBUE _beng _erda _cEG-ScBUE _dEG-ScBUE |
||
| 082 | 0 | 4 |
_a519.202462 _bJOH _222 |
| 100 | 1 |
_aJohnson, Richard A. _q(Richard Arnold), _d1937- _eauthor. |
|
| 245 | 1 | 0 |
_aMiller and Freund's Probability and statistics for engineers / _cRichard A. Johnson, University of Wisconsin-Madison. |
| 250 | _aFifth edition. | ||
| 264 | 1 |
_aEnglewood Cliffs, N.J. : _bPrentice Hall, _c[1994] |
|
| 264 | 4 | _cc1994 | |
| 300 |
_ax, 630 pages : _billustrations ; _c25 cm |
||
| 336 |
_2rdacontent _atext _btxt |
||
| 337 |
_aunmediated _2rdamedia _bn |
||
| 338 |
_avolume _bnc _2rdacarrier |
||
| 500 | _aNew ed. of: Probability and statistics for engineers. 4th ed. 1990. | ||
| 500 | _aIncludes index. | ||
| 600 | 1 | 7 |
_aFreund, John E. _2BUEsh |
| 600 | 1 | 7 |
_aMiller, Irwin, _d1928- _2BUEsh |
| 650 | 7 |
_aEngineering _xStatistical methods. _2BUEsh |
|
| 650 | 7 |
_aProbabilities. _2BUEsh |
|
| 655 | _vReading book | ||
| 942 |
_cBB _2ddc |
||
| 999 |
_c4086 _d4086 |
||